| 000 | 00000nam 2200000zi 4500 |
| 001 | 9.953644 |
| 003 | CaOODSP |
| 005 | 20250819131930 |
| 006 | m o d f |
| 007 | cr cn |||||||| |
| 008 | 250728e20220818oncdb ob f000 0 eng d |
| 040 | |aCaOODSP|beng|erda|cCaOODSP |
| 043 | |an-cn--- |
| 086 | 1 |aNR16-488/1-2022E-PDF |
| 100 | 1 |aChenier, Sylvie, |eauthor. |
| 245 | 13|aAn international collaborative research initiative on rolling contact fatigue and wear of rails and wheels : |b3-year project review (March 2019-March 2022) : final report / |cprepared by Silvie Chenier and Eric Magel. |
| 250 | |aVersion 1.0. |
| 264 | 1|aOttawa : |bNational Research Council Canada = Conseil national de recherches Canada, |cAugust 18, 2022. |
| 264 | 4|c©2022 |
| 300 | |a1 online resource (1 volume (various pagings)) : |bcharts, maps |
| 336 | |atext|btxt|2rdacontent |
| 337 | |acomputer|bc|2rdamedia |
| 338 | |aonline resource|bcr|2rdacarrier |
| 500 | |a"Project: A1-019725." |
| 500 | |a"Report Number: AST-2022-0021." |
| 504 | |aIncludes bibliographical references (pages 59-61). |
| 650 | 0|aAlloys|xFatigue. |
| 650 | 0|aRailroad rails|xDefects. |
| 650 | 0|aRailroads|xResearch|zCanada. |
| 650 | 6|aAlliages|xFatigue. |
| 650 | 6|aRails|xDéfauts. |
| 650 | 6|aChemins de fer|xRecherche|zCanada. |
| 710 | 2 |aNational Research Council Canada, |eissuing body. |
| 856 | 40|qPDF|s3.56 MB|uhttps://publications.gc.ca/collections/collection_2025/cnrc-nrc/NR16-488-1-2022-eng.pdf |